Municipios de la Provincia de Ciudad Real - Statistics

General Stats
  • This quiz has been taken 53 times
  • The average score is 41 of 113
Answer Stats
Answer % Correct
Ciudad Real
87%
Tomelloso
85%
Manzanares
80%
Puertollano
80%
Daimiel
78%
Alcázar de San Juan
76%
Valdepeñas
76%
Argamasilla de Calatrava
72%
Campo de Criptana
72%
Almagro
70%
Miguelturra
70%
Almadén
65%
Bolaños de Calatrava
61%
Herencia
59%
La Solana
59%
Puerto Lápice
57%
Villarrubia de los Ojos
57%
Argamasilla de Alba
54%
Montiel
54%
Ruidera
54%
Almodóvar del Campo
48%
Membrilla
48%
Villanueva de los Infantes
48%
Arenas de San Juan
46%
Calzada de Calatrava
46%
Carrión de Calatrava
46%
Fuencaliente
46%
Malagón
46%
Piedrabuena
46%
Socuéllamos
46%
Pedro Muñoz
43%
Santa Cruz de Mudela
43%
Almuradiel
41%
Brazatortas
41%
Poblete
41%
Puebla de Don Rodrigo
39%
Aldea del Rey
37%
Alhambra
37%
Torre de Juan Abad
37%
Villanueva de la Fuente
37%
Abenójar
35%
Anchuras
35%
Fuente el Fresno
35%
Pozuelo de Calatrava
35%
Terrinches
35%
Torralba de Calatrava
35%
Torrenueva
35%
Villarta de San Juan
35%
Viso del Marqués
35%
Cózar
33%
Granátula de Calatrava
33%
Las Labores
33%
Moral de Calatrava
33%
San Carlos del Valle
33%
Villahermosa
33%
Villamanrique
33%
Carrizosa
30%
Luciana
30%
Mestanza
30%
Picón
30%
Porzuna
30%
Agudo
28%
Albaladejo
28%
Alcolea de Calatrava
28%
Alcubillas
28%
Arroba de los Montes
28%
Ballesteros de Calatrava
28%
Fernán Caballero
28%
Solana del Pino
28%
Villamayor de Calatrava
28%
Alamillo
26%
Almedina
26%
Arenales de San Gregorio
26%
Castellar de Santiago
26%
Chillón
26%
Fuenllana
26%
Horcajo de los Montes
26%
Llanos del Caudillo
26%
Saceruela
26%
San Lorenzo de Calatrava
26%
Alcoba
24%
Cabezarados
24%
Caracuel de Calatrava
24%
El Robledo
24%
Los Cortijos
24%
Los Pozuelos de Calatrava
24%
Santa Cruz de los Cáñamos
24%
Valdemanco del Esteras
24%
Valenzuela de Calatrava
24%
Almadenejos
22%
Cabezarrubias del Puerto
22%
Cañada de Calatrava
22%
Guadalmez
22%
Fontanarejo
20%
Hinojosas de Calatrava
20%
Navalpino
20%
Puebla del Príncipe
20%
Navas de Estena
17%
Retuerta del Bullaque
17%
Villanueva de San Carlos
17%
Villar del Pozo
17%
Argamasilla de Calatrava
11%
Valdemanco del Esteras
7%
Almodóvar del Campo
2%
San Lorenzo de Calatrava
2%
Villamayor de Calatrava
2%
No matching quizzes found
Score Distribution
Percent of People with Each Score
Percentile by Number Answered
Your Score History
You have not taken this quiz